[Event "AUTONOMIC COMUNIDAD VALENCIANA"]
[Site "Vila-real (Castellón - SPAIN)"]
[Date "2009.08.18"]
[Round "1.1"]
[White "Lopez Diaz, Rafael"]
[Black "Granero Roca, Antonio"]
[Result "0-1"]
[WhiteElo "1745"]
[BlackElo "2433"]
[PlyCount "50"]
[EventDate "2009.08.18"]

1. f4 d5 2. g3 Nf6 3. Nf3 g6 4. Bg2 Bg7 5. O-O O-O 6. c4 c6 7. Qb3 dxc4 8. Qxc4
Qb6+ 9. e3 Na6 10. Nc3 Bf5 11. Nd4 Bd7 12. Na4 Qc7 13. Nc5 Nxc5 14. Qxc5 Rfe8
15. b4 a5 16. b5 e5 17. fxe5 Rxe5 18. Qc2 c5 19. Bb2 Rc8 20. Rac1 Qb6 21. Ne2
Rf5 22. a4 Nh5 23. Bxg7 Kxg7 24. Qe4 Rc7 25. Rxf5 Bxf5 0-1

[Event "AUTONOMIC COMUNIDAD VALENCIANA"]
[Site "Vila-real (Castellón - SPAIN)"]
[Date "2009.08.18"]
[Round "1.2"]
[White "Garcia Fernandez, Carlos"]
[Black "Mingarro Carceller, Sergi"]
[Result "1-0"]
[WhiteElo "2390"]
[BlackElo "1743"]
[PlyCount "51"]
[EventDate "2009.08.18"]

1. e4 Nf6 2. d3 d5 3. Nd2 e5 4. Ngf3 Nc6 5. c3 Bg4 6. h3 Bh5 7. b4 d4 8. b5
dxc3 9. bxc6 cxd2+ 10. Bxd2 Bxf3 11. gxf3 b6 12. f4 exf4 13. Bxf4 Bb4+ 14. Ke2
O-O 15. Bg2 Nh5 16. Be3 Qd6 17. Qb3 Kh8 18. Bf3 g6 19. a3 Ba5 20. Bxh5 gxh5 21.
Rac1 Rad8 22. Rhg1 Rg8 23. Rxg8+ Kxg8 24. Rg1+ Kf8 25. Bg5 Qh2 26. Qb2 1-0

[Event "AUTONOMIC COMUNIDAD VALENCIANA"]
[Site "Vila-real (Castellón - SPAIN)"]
[Date "2009.08.18"]
[Round "1.3"]
[White "Arroyo Cabrera, Andres"]
[Black "Alvarez Ibarra, Rafael"]
[Result "0-1"]
[WhiteElo "1736"]
[BlackElo "2384"]
[PlyCount "52"]
[EventDate "2009.08.18"]

1. e4 c5 2. Nf3 Nc6 3. c3 d5 4. exd5 Qxd5 5. d3 Nf6 6. h3 e6 7. Na3 Be7 8. Be2
O-O 9. O-O b6 10. c4 Qd7 11. Nc2 Rd8 12. b3 e5 13. Be3 Bb7 14. Ng5 Qc7 15. Qc1
Rd7 16. f4 Re8 17. Ne4 Nxe4 18. dxe4 exf4 19. Bxf4 Bd6 20. Bg4 Rde7 21. Bxd6
Qxd6 22. Rf4 Ne5 23. Qe3 Nxg4 24. hxg4 Bxe4 25. Ne1 Bb1 26. Qf2 Rxe1+ 0-1

[Event "AUTONOMIC COMUNIDAD VALENCIANA"]
[Site "Vila-real (Castellón - SPAIN)"]
[Date "2009.08.18"]
[Round "1.4"]
[White "Fenollar Jorda, Manuel"]
[Black "Vieito Ribelles, Ariadna"]
[Result "1-0"]
[WhiteElo "2341"]
[BlackElo "1731"]
[PlyCount "79"]
[EventDate "2009.08.18"]

1. d4 Nf6 2. Nf3 g6 3. Bg5 Bg7 4. Nbd2 d6 5. e4 O-O 6. Bc4 c5 7. dxc5 dxc5 8.
e5 Nfd7 9. Qe2 Nb6 10. Bb3 Nc6 11. O-O-O Qc7 12. e6 Bxe6 13. Bxe6 fxe6 14.
Qxe6+ Kh8 15. h4 Qd6 16. Qxd6 exd6 17. h5 gxh5 18. Rxh5 Rf7 19. Ne4 Nc4 20. b3
N4e5 21. Nxd6 Rd7 22. Ne4 Rxd1+ 23. Kxd1 Nxf3 24. gxf3 b6 25. c3 Ne5 26. f4 Nf7
27. Ke2 Re8 28. Kd3 Nxg5 29. fxg5 Re5 30. f4 Rf5 31. Ke3 a6 32. Rh1 Kg8 33. Rd1
Rf8 34. Rd6 Rb8 35. f5 Rb7 36. Rd8+ Bf8 37. Nf6+ Kg7 38. Nxh7 Be7 39. Ra8 a5
40. Ke4 1-0

[Event "AUTONOMIC COMUNIDAD VALENCIANA"]
[Site "Vila-real (Castellón - SPAIN)"]
[Date "2009.08.18"]
[Round "1.5"]
[White "Guerola Trull, Bernat"]
[Black "Roca Galarza, Jose"]
[Result "0-1"]
[WhiteElo "1729"]
[BlackElo "2333"]
[PlyCount "70"]
[EventDate "2009.08.18"]

1. e4 Nf6 2. Nc3 d5 3. d4 Nxe4 4. Nxe4 dxe4 5. c4 e5 6. Be3 Bb4+ 7. Bd2 Bxd2+
8. Qxd2 exd4 9. O-O-O c5 10. Qf4 f5 11. f3 e3 12. Bd3 O-O 13. h4 Nc6 14. Nh3
Nb4 15. Bb1 Qe7 16. Rhe1 Be6 17. Qe5 Nc6 18. Qg3 Bxc4 19. Nf4 Qe5 20. Qh2 Nb4
21. g3 Bxa2 22. Bxa2+ Nxa2+ 23. Kb1 Nb4 24. Qe2 Qe8 25. Qc4+ Qf7 26. Rxd4 cxd4
27. Qxb4 Rfd8 28. Nd3 Qd5 29. Qe7 Re8 30. Qg5 Qxf3 31. Nf4 Qg4 32. Rh1 Qxg5 33.
hxg5 Rac8 34. g6 hxg6 35. Nxg6 d3 0-1

[Event "AUTONOMIC COMUNIDAD VALENCIANA"]
[Site "Vila-real (Castellón - SPAIN)"]
[Date "2009.08.18"]
[Round "1.6"]
[White "Tello Nunez, Alejandro"]
[Black "Romero Calduch, Sergio"]
[Result "1-0"]
[WhiteElo "2297"]
[BlackElo "1681"]
[PlyCount "77"]
[EventDate "2009.08.18"]

1. d4 e6 2. c4 f5 3. Nc3 Nf6 4. Nf3 d5 5. Bf4 Be7 6. e3 O-O 7. Bd3 c6 8. Ne5
Bd6 9. h3 Ne4 10. Ne2 Bb4+ 11. Kf1 Qh4 12. g3 Qh5 13. h4 Nd7 14. g4 Qe8 15.
gxf5 exf5 16. cxd5 Nd2+ 17. Kg2 cxd5 18. a3 Ba5 19. b4 Bc7 20. Qxd2 Nxe5 21.
dxe5 Bxe5 22. Bxe5 Qxe5 23. f4 Qe7 24. Nd4 Bd7 25. Rh3 Rf7 26. h5 Qf6 27. Rg3
Re8 28. Rg1 Kh8 29. Kh2 Qh4+ 30. Rh3 Qf6 31. Rg5 Rg8 32. Rg6 Qd8 33. Qb2 Qf8
34. h6 Rf6 35. Rg5 Qf7 36. Nf3 Qf8 37. Ne5 Bc8 38. Ng6+ hxg6 39. Rxg6 1-0

[Event "AUTONOMIC COMUNIDAD VALENCIANA"]
[Site "Vila-real (Castellón - SPAIN)"]
[Date "2009.08.18"]
[Round "1.7"]
[White "Montoliu Cervero, Angel"]
[Black "Carbonell Bofill, Carlos Eloy"]
[Result "0-1"]
[WhiteElo "1675"]
[BlackElo "2203"]
[PlyCount "58"]
[EventDate "2009.08.18"]

1. e4 e6 2. d4 b6 3. Nc3 Bb4 4. Bd2 Bb7 5. Bd3 f5 6. f3 Nc6 7. Nce2 Qh4+ 8. g3
Qh5 9. Bxb4 Nxb4 10. Nf4 Qf7 11. exf5 exf5 12. Qe2+ Ne7 13. Bc4 d5 14. Bb3
O-O-O 15. O-O-O g5 16. Ng2 Rhe8 17. Qd2 c5 18. a3 Nbc6 19. dxc5 bxc5 20. Qxg5
Nd4 21. Ba2 Ng6 22. c3 Ne6 23. Qd2 c4 24. h3 Ne5 25. Ne1 f4 26. g4 d4 27. Qe2
Nc5 28. cxd4 Ned3+ 29. Nxd3 Rxe2 0-1

[Event "AUTONOMIC COMUNIDAD VALENCIANA"]
[Site "Vila-real (Castellón - SPAIN)"]
[Date "2009.08.18"]
[Round "1.8"]
[White "Cruz Lledo, Pablo"]
[Black "Magdaleno Puche, Juan Pedro"]
[Result "1-0"]
[WhiteElo "2190"]
[BlackElo "1651"]
[PlyCount "83"]
[EventDate "2009.08.18"]

1. d4 Nf6 2. c4 g6 3. Nc3 Bg7 4. e4 d6 5. f3 O-O 6. Nge2 e5 7. Bg5 Nc6 8. d5
Ne7 9. Qd2 h5 10. Nc1 Nh7 11. Be3 f5 12. Be2 Nf6 13. h3 fxe4 14. fxe4 a6 15.
Nd3 Rb8 16. c5 Bd7 17. a4 Qe8 18. O-O Qc8 19. Kh2 Kh7 20. b4 Qe8 21. Ne1 Neg8
22. Nf3 Bh6 23. Ng5+ Kg7 24. b5 a5 25. b6 Rc8 26. bxc7 Rxc7 27. cxd6 Rxc3 28.
Qxc3 Bxg5 29. Bxg5 Nxe4 30. Qe3 Nxd6 31. Rxf8 Kxf8 32. Qc5 Qb8 33. Qxa5 Ne7 34.
Bb5 b6 35. Qc3 Nxb5 36. axb5 Nf5 37. g3 Bxb5 38. Qb4+ Nd6 39. Ra8 Qxa8 40.
Qxd6+ Kf7 41. Qf6+ Kg8 42. Qxg6+ 1-0

[Event "AUTONOMIC COMUNIDAD VALENCIANA"]
[Site "Vila-real (Castellón - SPAIN)"]
[Date "2009.08.18"]
[Round "1.9"]
[White "Raimundo Medina, Fermin"]
[Black "Jordan Martinez, David"]
[Result "0-1"]
[WhiteElo "1640"]
[BlackElo "2176"]
[PlyCount "84"]
[EventDate "2009.08.18"]

1. e4 c5 2. Nf3 Nc6 3. d4 cxd4 4. Nxd4 Nf6 5. Nc3 e5 6. Ndb5 d6 7. Bg5 a6 8.
Na3 b5 9. Bxf6 gxf6 10. Nd5 Bg7 11. Bd3 O-O 12. O-O Be6 13. c4 b4 14. Nc2 a5
15. a4 Kh8 16. f4 Rg8 17. f5 Bxd5 18. cxd5 Nb8 19. Qh5 Ra7 20. b3 Bf8 21. Rf3
Rg5 22. Qh4 Nd7 23. Rh3 Rg7 24. Re1 Be7 25. Ree3 Qb6 26. Kf1 Ra8 27. Reg3 Rag8
28. Bb5 Nf8 29. Be2 Qc5 30. Ne1 Bd8 31. Rxg7 Rxg7 32. Qf2 Qc8 33. g4 Nd7 34.
Bc4 Bb6 35. Qf3 Nc5 36. Rg3 Nxa4 37. h4 Nb2 38. Be2 Qc1 39. Qg2 Qf4+ 40. Rf3
Qxg4 41. Qxg4 Rxg4 42. Rf2 Bxf2 0-1

[Event "AUTONOMIC COMUNIDAD VALENCIANA"]
[Site "Vila-real (Castellón - SPAIN)"]
[Date "2009.08.18"]
[Round "1.10"]
[White "Penades Ordaz, Victor"]
[Black "Cerda Collado, Jose"]
[Result "1-0"]
[WhiteElo "2175"]
[BlackElo "1601"]
[PlyCount "53"]
[EventDate "2009.08.18"]

1. e4 c5 2. Nf3 Nc6 3. d4 cxd4 4. Nxd4 g6 5. c4 Bg7 6. Be3 Nf6 7. Nc3 O-O 8.
Be2 d6 9. Qd2 a6 10. Rc1 Bd7 11. O-O Nxd4 12. Bxd4 Qa5 13. Rfd1 Rac8 14. b3 Bc6
15. f3 b5 16. Nd5 Qxd2 17. Nxe7+ Kh8 18. Rxd2 Rc7 19. cxb5 Rxe7 20. bxc6 Rc7
21. Bxa6 Kg8 22. Rcc2 Ne8 23. Bb6 Re7 24. c7 Nxc7 25. Bxc7 Ra8 26. Bxd6 Rea7
27. Bc4 1-0

[Event "AUTONOMIC COMUNIDAD VALENCIANA"]
[Site "Vila-real (Castellón - SPAIN)"]
[Date "2009.08.19"]
[Round "2.1"]
[White "Granero Roca, Antonio"]
[Black "Sanchiz Marti, Josep Miquel"]
[Result "1-0"]
[WhiteElo "2433"]
[BlackElo "2046"]
[PlyCount "68"]
[EventDate "2009.08.18"]

1. Nf3 c5 2. c4 Nc6 3. g3 g6 4. Bg2 Bg7 5. Nc3 e6 6. O-O Nge7 7. d3 O-O 8. Bf4
d6 9. Qd2 a6 10. Bh6 Bxh6 11. Qxh6 Nf5 12. Qd2 Kg7 13. e3 Rb8 14. d4 Nce7 15.
Ne4 cxd4 16. Nxd4 d5 17. Nxf5+ gxf5 18. Qd4+ f6 19. Nc3 dxc4 20. Qxc4 b5 21.
Qc5 Rf7 22. Rfd1 Qb6 23. Qxb6 Rxb6 24. Rac1 Rf8 25. Ne2 e5 26. f4 Be6 27. Rc7
Kf7 28. Nc3 Rc8 29. Ra7 e4 30. a4 b4 31. Nd5 Bxd5 32. Rxd5 Ke6 33. Rdd7 Rc1+
34. Kf2 Rc2+ {MAL ANOTADO} 1-0

[Event "AUTONOMIC COMUNIDAD VALENCIANA"]
[Site "Vila-real (Castellón - SPAIN)"]
[Date "2009.08.19"]
[Round "2.2"]
[White "Montoliu Cervero, Francisco"]
[Black "Garcia Fernandez, Carlos"]
[Result "1-0"]
[WhiteElo "2063"]
[BlackElo "2390"]
[PlyCount "89"]
[EventDate "2009.08.18"]

1. e4 d6 2. d4 e5 3. dxe5 dxe5 4. Qxd8+ Kxd8 5. Nc3 Nf6 6. Bg5 Be6 7. Nf3 Nbd7
8. O-O-O Kc8 9. a3 Ng4 10. Bh4 f6 11. h3 Nh6 12. Nd2 Nb6 13. Bg3 g5 14. h4 Nf7
15. hxg5 fxg5 16. Nf3 Bd6 17. Nd5 h6 18. c4 Bxd5 19. exd5 e4 20. Bxd6 cxd6 21.
Nd2 e3 22. fxe3 Kd7 23. b3 a5 24. Kb2 Ne5 25. Be2 Ke7 26. Kc3 Rac8 27. Kd4 Nbd7
28. Ne4 Nc5 29. Nxc5 Rxc5 30. b4 axb4 31. axb4 Rcc8 32. Ra1 h5 33. Ra7 Rc7 34.
c5 h4 35. c6 Rhc8 36. b5 b6 37. Ra6 Rb8 38. Rf1 g4 39. Rh1 h3 40. gxh3 Rh8 41.
Rxb6 Rxh3 42. Rxh3 gxh3 43. Rb8 Ra7 44. Rh8 Ra2 45. c7 1-0

[Event "AUTONOMIC COMUNIDAD VALENCIANA"]
[Site "Vila-real (Castellón - SPAIN)"]
[Date "2009.08.19"]
[Round "2.3"]
[White "Alvarez Ibarra, Rafael"]
[Black "Mezquita Broch, Pascual"]
[Result "1-0"]
[WhiteElo "2384"]
[BlackElo "1979"]
[PlyCount "65"]
[EventDate "2009.08.18"]

1. d4 Nf6 2. c4 g6 3. Nc3 d5 4. Bf4 Bg7 5. e3 O-O 6. Rc1 c5 7. dxc5 Qa5 8. cxd5
Ne4 9. Nge2 Nxc5 10. Nd4 e5 11. dxe6 Nxe6 12. Nb3 Bxc3+ 13. Rxc3 Qxa2 14. Bh6
Rd8 15. Qa1 Qxa1+ 16. Nxa1 Nc6 17. Be2 Ne7 18. e4 Bd7 19. Be3 Bc6 20. f3 Nd4
21. Bc4 b5 22. Ba2 a5 23. Kf2 Ne6 24. Bxe6 fxe6 25. Bg5 Kf7 26. Bxe7 Kxe7 27.
Rxc6 Rd2+ 28. Ke3 Rxb2 29. Rc2 Rxc2 30. Nxc2 Rc8 31. Kd2 Rc4 32. Ra1 a4 33. Rb1
1-0

[Event "AUTONOMIC COMUNIDAD VALENCIANA"]
[Site "Vila-real (Castellón - SPAIN)"]
[Date "2009.08.19"]
[Round "2.4"]
[White "Chacon Flores, David"]
[Black "Fenollar Jorda, Manuel"]
[Result "0-1"]
[WhiteElo "2018"]
[BlackElo "2341"]
[PlyCount "76"]
[EventDate "2009.08.18"]

1. c4 c6 2. d4 d5 3. Nc3 Nf6 4. Nf3 e6 5. e3 Nbd7 6. b3 Bb4 7. Bd2 O-O 8. Bd3
Re8 9. O-O dxc4 10. Bxc4 b5 11. Bd3 Bb7 12. Ne4 Bf8 13. Bc3 a6 14. Nxf6+ Nxf6
15. Qc2 h6 16. Rfd1 Qe7 17. Ne5 Rac8 18. b4 Ra8 19. a3 Rec8 20. f4 Qe8 21. Rf1
Bd6 22. f5 exf5 23. Rxf5 Rc7 24. Rxf6 Bxe5 25. Rf5 Bd6 26. e4 a5 27. bxa5 c5
28. d5 b4 29. Bb2 c4 30. Be2 c3 31. Bc1 bxa3 32. Rxa3 Bc5+ 33. Kh1 Bxa3 34.
Bxa3 Rxa5 35. Bc1 Qa4 36. Qd3 Ba6 37. Qe3 Bxe2 38. Qxe2 Re7 0-1

[Event "AUTONOMIC COMUNIDAD VALENCIANA"]
[Site "Vila-real (Castellón - SPAIN)"]
[Date "2009.08.19"]
[Round "2.5"]
[White "Benedito Salavert, Jaime"]
[Black "Tello Nunez, Alejandro"]
[Result "0-1"]
[WhiteElo "1965"]
[BlackElo "2297"]
[PlyCount "92"]
[EventDate "2009.08.18"]

1. d4 d5 2. c4 Nc6 3. cxd5 Qxd5 4. Nf3 e5 5. Nc3 Bb4 6. Bd2 Bxc3 7. Bxc3 e4 8.
Ne5 Nge7 9. e3 Nxe5 10. dxe5 Be6 11. Be2 Qxd1+ 12. Bxd1 Bd5 13. Bc2 Kd7 14.
O-O-O Ke6 15. Rhf1 Bc4 16. Rfe1 Nd5 17. Bxe4 Nxc3 18. bxc3 Kxe5 19. Rd4 Bxa2
20. f4+ Kf6 21. c4 Rad8 22. Red1 Rxd4 23. Rxd4 b6 24. Bc6 b5 25. cxb5 Be6 26.
Kd2 Ke7 27. e4 Rb8 28. Ra4 Bd7 29. Bxd7 Kxd7 30. Rd4+ Kc8 31. Rd5 Rb6 32. Kc3
c6 33. bxc6 Rxc6+ 34. Kb4 Rb6+ 35. Kc5 Rb2 36. Rf5 f6 37. e5 fxe5 38. fxe5 Rxg2
39. Rf8+ Kd7 40. Kd5 Rd2+ 41. Ke4 Ke7 42. Ra8 Rxh2 43. Rxa7+ Ke6 44. Ra6+ Kf7
45. Kf4 Rf2+ 46. Kg4 Rg2+ {BANDERA} 0-1

[Event "AUTONOMIC COMUNIDAD VALENCIANA"]
[Site "Vila-real (Castellón - SPAIN)"]
[Date "2009.08.19"]
[Round "2.6"]
[White "Carbonell Bofill, Carlos Eloy"]
[Black "Ballester Clausell, David"]
[Result "1-0"]
[WhiteElo "2203"]
[BlackElo "1964"]
[PlyCount "79"]
[EventDate "2009.08.18"]

1. Nf3 Nf6 2. b4 g6 3. Bb2 Bg7 4. g4 O-O 5. g5 Nd5 6. Bxg7 Kxg7 7. a3 d6 8. h4
Bg4 9. c4 Nb6 10. Qb3 Nc6 11. Nh2 Bh5 12. e3 f6 13. b5 Ne5 14. f4 Ned7 15. Bg2
Qe8 16. a4 Qf7 17. d3 fxg5 18. a5 Nc8 19. a6 Ncb6 20. axb7 Rab8 21. hxg5 e5 22.
Qc3 Kg8 23. O-O Qf5 24. Nd2 Be2 25. e4 Qe6 26. Rfe1 Bh5 27. fxe5 Qxe5 28. d4
Qxg5 29. e5 dxe5 30. c5 exd4 31. Qb3+ Kg7 32. cxb6 Nxb6 33. Ndf3 Bxf3 34. Nxf3
Qg3 35. Re7+ Kh8 36. Rxa7 Qd6 37. Rf7 Rxf7 38. Qxf7 d3 39. Qb3 d2 40. Qc3+ 1-0

[Event "AUTONOMIC COMUNIDAD VALENCIANA"]
[Site "Vila-real (Castellón - SPAIN)"]
[Date "2009.08.19"]
[Round "2.7"]
[White "Vieito Soria, Luis Maria"]
[Black "Cruz Lledo, Pablo"]
[Result "0-1"]
[WhiteElo "1897"]
[BlackElo "2190"]
[PlyCount "88"]
[EventDate "2009.08.18"]

1. Nf3 d5 2. g3 Nf6 3. Bg2 c6 4. O-O Bf5 5. d3 Nbd7 6. Nbd2 e5 7. Qe1 e4 8. Nh4
g6 9. dxe4 Bxe4 10. Nxe4 Nxe4 11. Be3 Qe7 12. Bd4 f6 13. f3 Nd6 14. e4 dxe4 15.
fxe4 Bg7 16. Rd1 Nb5 17. c3 O-O 18. Bh3 Nxd4 19. Rxd4 Ne5 20. Nf3 Rad8 21. Qe2
Qc5 22. Kg2 Nxf3 23. Rxf3 Rxd4 24. cxd4 Qxd4 25. Rd3 Qb4 26. a3 Qb5 27. Qd2 Qe5
28. Qb4 f5 29. Qb3+ Kh8 30. exf5 Qe2+ 31. Kg1 gxf5 32. Bf1 Qe7 33. Qd1 c5 34.
Bg2 Bxb2 35. Rd7 Qe3+ 36. Kh1 Re8 37. h3 Bd4 38. Rxb7 Qf2 39. Rb1 Qxg3 40. Qf3
Qxf3 41. Bxf3 Re3 42. Kg2 Rxa3 43. Re1 Ra2+ 44. Be2 Bc3 0-1

[Event "AUTONOMIC COMUNIDAD VALENCIANA"]
[Site "Vila-real (Castellón - SPAIN)"]
[Date "2009.08.19"]
[Round "2.8"]
[White "Jordan Martinez, David"]
[Black "Marti Blanes, Jose Manuel"]
[Result "1/2-1/2"]
[WhiteElo "2176"]
[BlackElo "1871"]
[PlyCount "82"]
[EventDate "2009.08.18"]

1. e4 c5 2. Nf3 d6 3. c4 e5 4. g3 g6 5. Bg2 Bg7 6. O-O Ne7 7. Nc3 O-O 8. d3
Nbc6 9. a3 h6 10. Rb1 a5 11. Nd5 Nxd5 12. cxd5 Nd4 13. Nxd4 cxd4 14. Bd2 Qb6
15. f4 f5 16. a4 Qa6 17. Qb3 Bd7 18. Rfc1 Rfc8 19. Qa3 b5 20. b4 bxa4 21. bxa5
Bb5 22. exf5 gxf5 23. fxe5 Bxe5 24. Bf1 Kh7 25. Kh1 Kg7 26. Be2 Rxc1+ 27. Rxc1
Rc8 28. Rxc8 Qxc8 29. Qb2 Qc5 30. Qa2 a3 31. Kg2 Ba4 32. a6 Bb5 33. a7 Qxa7 34.
Bb4 Qb7 35. Bxa3 Qa6 36. Qb3 Qa5 37. Bb4 Qa4 38. Qb2 Qa8 39. Qb3 Qa4 40. Qb2
Qa8 41. Qb3 Qa4 1/2-1/2

[Event "AUTONOMIC COMUNIDAD VALENCIANA"]
[Site "Vila-real (Castellón - SPAIN)"]
[Date "2009.08.19"]
[Round "2.9"]
[White "Sos Andreu, Erik"]
[Black "Penades Ordaz, Victor"]
[Result "0-1"]
[WhiteElo "1871"]
[BlackElo "2175"]
[PlyCount "176"]
[EventDate "2009.08.18"]

1. d4 Nf6 2. Nf3 c5 3. c4 cxd4 4. Nxd4 Nc6 5. Nc3 g6 6. e4 Bg7 7. Be3 O-O 8.
Be2 d6 9. O-O Bd7 10. f3 Nxd4 11. Bxd4 Bc6 12. Rc1 Qa5 13. Nd5 Bxd5 14. cxd5
Nd7 15. Bxg7 Kxg7 16. Qd4+ Kg8 17. a3 Rfc8 18. f4 Nf6 19. Kh1 Qb6 20. Qxb6 axb6
21. Bd3 Rc5 22. Rc2 Ra4 23. Re2 Rd4 24. Bb1 b5 25. Rfe1 b4 26. Kg1 Kf8 27. h3
b6 28. Kf2 bxa3 29. bxa3 Ra5 30. Ra2 Nd7 31. Ree2 Rda4 32. Re3 Nc5 33. Rb2 Rxa3
34. Rxa3 Rxa3 35. Rxb6 Rc3 36. Rb4 Kg7 37. g3 h5 38. Kg2 Kf6 39. Rb2 Rc1 40.
Kf2 Rc4 41. Kf3 Rc3+ 42. Kf2 h4 43. gxh4 Rxh3 44. Kg2 Rxh4 45. Kg3 Rh1 46. Kg2
Rc1 47. Kf2 Rc3 48. Kg2 Rc4 49. Kf3 g5 50. Rg2 gxf4 51. Kxf4 Rb4 52. Rg1 Rb3
53. Rh1 Nd7 54. Rh6+ Kg7 55. Rh1 Ne5 56. Rf1 Kf6 57. Bc2 Ra3 58. Bb1 Rc3 59.
Ba2 Ng6+ 60. Kg4+ Kg7 61. Bb1 Re3 62. Kf5 Rg3 63. Bc2 Rg2 64. Bb1 Ne5 65. Kf4
Kg6 66. Ke3 Rg3+ 67. Kf4 Rg4+ 68. Ke3 Kg5 69. Rf5+ Kh4 70. Rf1 Kh3 71. Rf2 Kg3
72. Rf1 Kh2 73. Rf2+ Rg2 74. Rxg2+ Kxg2 75. Kf4 Kf2 76. Ba2 Nd3+ 77. Kf5 Ke3
78. Bb1 Ne5 79. Ba2 Kd4 80. Bb1 Nc4 81. Kf4 Na3 82. Ba2 Kc3 83. e5 Kb2 84. e6
fxe6 85. dxe6 Kxa2 86. Kf5 Nc4 87. Kg6 Nb6 88. Kf7 Nd5 0-1

[Event "AUTONOMIC COMUNIDAD VALENCIANA"]
[Site "Vila-real (Castellón - SPAIN)"]
[Date "2009.08.19"]
[Round "2.10"]
[White "Gurjao Alencar, Sandro"]
[Black "Jordan Martinez, Miguel"]
[Result "0-1"]
[WhiteElo "1847"]
[BlackElo "2118"]
[PlyCount "60"]
[EventDate "2009.08.18"]

1. d4 d6 2. Nf3 g6 3. Bf4 Bg7 4. e3 Nf6 5. Bc4 O-O 6. c3 Nbd7 7. Nbd2 c6 8. a4
h6 9. h3 Re8 10. Qb3 d5 11. Bd3 Nh7 12. c4 Nb6 13. a5 dxc4 14. Nxc4 Nd5 15. Bg3
Ng5 16. Nxg5 hxg5 17. h4 gxh4 18. Bxh4 Be6 19. Qxb7 Rb8 20. Qxa7 Nb4 21. Be2
Nc2+ 22. Kd2 Nxa1 23. Rxa1 Bxc4 24. Bxc4 Rxb2+ 25. Kc3 Rb8 26. Bg3 Ra8 27. Qc5
e5 28. dxe5 Qg5 29. a6 Rxe5 30. Bxe5 Qxe5+ 0-1

[Event "AUTONOMIC COMUNIDAD VALENCIANA"]
[Site "Vila-real (Castellón - SPAIN)"]
[Date "2009.08.19"]
[Round "2.11"]
[White "Moran Marzal, Fancisco Javier"]
[Black "Olaru, Daniel"]
[Result "1/2-1/2"]
[WhiteElo "1791"]
[BlackElo "2104"]
[PlyCount "70"]
[EventDate "2009.08.18"]

1. d4 g6 2. e4 Bg7 3. Be3 d6 4. c3 a6 5. Nf3 Nf6 6. Bd3 O-O 7. h3 b6 8. O-O Bb7
9. Nbd2 c5 10. Re1 Nc6 11. d5 Nb8 12. c4 e6 13. Rb1 exd5 14. exd5 b5 15. b3
Nbd7 16. Ne4 Nxe4 17. Bxe4 Re8 18. Bd3 b4 19. Bc1 Qa5 20. Rxe8+ Rxe8 21. Qc2
Bc8 22. Bf4 Ne5 23. Nxe5 dxe5 24. Re1 Bd7 25. Bg3 f5 26. f3 Qc7 27. Qb1 a5 28.
Re2 a4 29. Qe1 Kf7 30. Bc2 Qd6 31. Kf2 h5 32. Qb1 Qf6 33. Kf1 axb3 34. axb3 Qa6
35. Qe1 Qd6 1/2-1/2

[Event "AUTONOMIC COMUNIDAD VALENCIANA"]
[Site "Vila-real (Castellón - SPAIN)"]
[Date "2009.08.19"]
[Round "2.12"]
[White "Capella Gimenez, Jose M"]
[Black "Navarrete Espi, Samuel"]
[Result "0-1"]
[WhiteElo "2095"]
[BlackElo "1804"]
[PlyCount "42"]
[EventDate "2009.08.18"]

1. d4 Nf6 2. c4 g6 3. Nc3 Bg7 4. e4 d6 5. f3 O-O 6. Be3 Nc6 7. d5 Ne5 8. Qd2 e6
9. Bg5 exd5 10. cxd5 Re8 11. Bd3 h6 12. Bh4 Nxe4 13. Bxd8 Nxd2 14. Kxd2 Nxd3
15. Bxc7 Nxb2 16. Nge2 Bf5 17. Rac1 Nc4+ 18. Kd1 Rac8 19. Nb5 Bd3 20. Nec3 Bxc3
21. Rxc3 Ne3+ 0-1

[Event "AUTONOMIC COMUNIDAD VALENCIANA"]
[Site "Vila-real (Castellón - SPAIN)"]
[Date "2009.08.19"]
[Round "2.13"]
[White "Magdaleno Puche, Jose Manuel"]
[Black "Ventura Monfort, Santiago"]
[Result "0-1"]
[WhiteElo "1580"]
[BlackElo "2077"]
[PlyCount "82"]
[EventDate "2009.08.18"]

1. d4 Nf6 2. c4 g6 3. Nc3 Bg7 4. e4 d6 5. Nf3 O-O 6. Be2 e5 7. O-O Nc6 8. dxe5
Nxe5 9. Nxe5 dxe5 10. Qxd8 Rxd8 11. Bg5 c6 12. Rad1 Re8 13. Rd6 Be6 14. Rfd1
Ng4 15. Bxg4 Bxg4 16. f3 Be6 17. b3 f6 18. Be3 Bf8 19. R6d3 Be7 20. g4 Kf7 21.
Bc1 Bc5+ 22. Kg2 Ke7 23. Na4 Bd4 24. Ba3+ Kf7 25. Bc5 Bxc5 26. Nxc5 Re7 27.
Nxe6 Rxe6 28. Rd8 Rxd8 29. Rxd8 Re7 30. c5 Rc7 31. Rd6 Ke7 32. Kg3 Rd7 33.
Rxd7+ Kxd7 34. f4 b6 35. b4 bxc5 36. bxc5 Kc7 37. g5 fxg5 38. fxg5 Kb7 39. Kg4
Ka6 40. Kf3 Kb5 41. Ke3 Kxc5 0-1

[Event "AUTONOMIC COMUNIDAD VALENCIANA"]
[Site "Vila-real (Castellón - SPAIN)"]
[Date "2009.08.19"]
[Round "2.14"]
[White "Roig Aguilar, Alejandro"]
[Black "Aymerich Rosell, Pablo"]
[Result "1/2-1/2"]
[WhiteElo "2120"]
[BlackElo "2112"]
[PlyCount "85"]
[EventDate "2009.08.18"]

1. d4 g6 2. c4 Bg7 3. e4 d6 4. Nc3 e5 5. d5 a5 6. Be3 h5 7. c5 Bh6 8. Bxh6 Rxh6
9. cxd6 cxd6 10. Rc1 Kf8 11. Qd2 Kg7 12. Nf3 h4 13. h3 Nf6 14. Ng5 Rh8 15. Be2
Nh5 16. Bxh5 Rxh5 17. Nf3 Bd7 18. Qe3 Na6 19. Nd2 b5 20. O-O b4 21. Ncb1 Nc5
22. Nc4 Bb5 23. Nbd2 a4 24. f4 exf4 25. Rxf4 Rc8 26. Rcf1 Be8 27. Qd4+ Kg8 28.
Rf6 Nb7 29. b3 axb3 30. axb3 Ra8 31. e5 dxe5 32. Nxe5 Qe7 33. Ndc4 Qc5 34. Qxc5
Nxc5 35. d6 Ne4 36. d7 Nxf6 37. Rxf6 Ra1+ 38. Kh2 Bxd7 39. Nxd7 Rd5 40. Rd6
Rxd6 41. Nxd6 Rd1 42. Nf6+ Kg7 43. Nde4 {IRREPRODUCIBLE Y MAL ANOTADO} 1/2-1/2

[Event "AUTONOMIC COMUNIDAD VALENCIANA"]
[Site "Vila-real (Castellón - SPAIN)"]
[Date "2009.08.19"]
[Round "3.1"]
[White "Cruz Lledo, Pablo"]
[Black "Granero Roca, Antonio"]
[Result "0-1"]
[WhiteElo "2190"]
[BlackElo "2433"]
[PlyCount "62"]
[EventDate "2009.08.18"]

1. d4 Nf6 2. c4 c5 3. d5 b5 4. Nf3 d6 5. cxb5 a6 6. b6 Nbd7 7. Nc3 g6 8. e4 Bg7
9. a4 Qxb6 10. Be2 O-O 11. Nd2 a5 12. Nc4 Qb8 13. f3 Ba6 14. O-O Nb6 15. Nxb6
Qxb6 16. Bxa6 Qxa6 17. Nb5 Qb6 18. Be3 Ne8 19. Qd2 Nc7 20. Ra3 Nxb5 21. Rb3
Rfb8 22. Rxb5 Qa6 23. Rxb8+ Rxb8 24. Rb1 Rb3 25. Bf2 Qb6 26. Be1 Bxb2 27. Kf1
Bd4 28. Rd1 Bc3 29. Qg5 Qa6+ 30. Kg1 Qe2 31. Qc1 Rb2 0-1

[Event "AUTONOMIC COMUNIDAD VALENCIANA"]
[Site "Vila-real (Castellón - SPAIN)"]
[Date "2009.08.19"]
[Round "3.2"]
[White "Penades Ordaz, Victor"]
[Black "Alvarez Ibarra, Rafael"]
[Result "0-1"]
[WhiteElo "2175"]
[BlackElo "2384"]
[PlyCount "48"]
[EventDate "2009.08.18"]

1. e4 c5 2. Nf3 d6 3. c4 Bg4 4. d4 cxd4 5. Qxd4 Bxf3 6. gxf3 Nc6 7. Qd1 Nf6 8.
Nc3 g6 9. Bd2 Bg7 10. Rc1 O-O 11. h4 e6 12. f4 d5 13. e5 d4 14. Nb5 Ne4 15. Bg2
Nxd2 16. Qxd2 f6 17. Bxc6 bxc6 18. Nxd4 Qe7 19. Rh2 fxe5 20. fxe5 Bxe5 21. Rh3
Bf4 22. Qc2 Bxc1 23. Qxc1 Rad8 24. Qe3 Qb4+ 0-1